| 000 | 00446 a2200157 4500 | ||
|---|---|---|---|
| 020 | _a0078247888 | ||
| 040 |
_aDLC _bDLC |
||
| 082 | _a510 | ||
| 100 | _a Collins, William. | ||
| 245 |
_aMathematics Applications and Connections Course 2 _cCollins, William |
||
| 260 |
_aNew York: _b McGraw-Hill/Glencoe, _c 2002. |
||
| 300 |
_a xxviii, 682 p. : _b ill. ; _c27 cm. |
||
| 500 | _aIncludes Index | ||
| 650 | _aMathematics. | ||
| 942 |
_cBK _k510 COL _2ddc |
||
| 999 |
_c7433 _d7433 |
||